[Event "Challenge"]
[Site "http://www.queenalice.com/game.php?id=1096576"]
[Date "2012.8.26"]
[Round "-"]
[White "Dancarvalho"]
[Black "Scaracioli"]
[Result "0-1"]
[WhiteElo "1403"]
[BlackElo "1718"]

1. d4 d5 2. Nc3 Nf6 3. e3 a6 4. Nf3 Nc6 5. Bd3 e6 6. Qe2 Bb4 7. Ne5 Nxe5 8. a3
Nxd3+ 9. Qxd3 Bxc3+ 10. bxc3 Bd7 11. c4 c6 12. cxd5 cxd5 13. Qb3 b5 14. O-O a5
15. c4 dxc4 16. Qc3 Ne4 17. Qc2 f5 18. f3 Nd6 19. e4 fxe4 20. fxe4 Qh4 21. Bb2
Rf8 22. Rxf8+ Kxf8 23. e5 Ne4 24. Rf1+ Ke7 25. Rf3 Bc6 26. Qe2 Rf8 27. Rh3 Qf2+
28. Qxf2 Rxf2 29. Bc1 Rc2 30. Bg5+ Nxg5 31. Re3 Rxg2+ 32. Kf1 Rxh2 33. Rg3 h6
34. Kg1 Rh1+ 35. Kf2 Ne4+ 36. Kf3 Nxg3+ 37. Kxg3 c3 38. d5 c2 39. d6+ Kd7 40. a4
bxa4 41. Kf2 c1=Q 42. Ke2 Qc3 43. Kf2 Rh2+ 44. Kg1 Rg2+ 45. Kf1 Qc1# 0-1

[Event "China x Brasil"]
[Site "http://www.queenalice.com/game.php?id=1101714"]
[Date "2012.9.10"]
[Round "-"]
[White "Dancarvalho"]
[Black "Scaracioli"]
[Result "1-0"]
[WhiteElo "1400"]
[BlackElo "1774"]

1. d4 d5 2. Nc3 e6 3. e4 Nc6 4. e5 Nge7 5. Bg5 h6 6. Bxe7 Bxe7 7. Bd3 g6 8. Qf3
Qd7 9. Nge2 b6 10. Bb5 a6 11. Bxc6 Qxc6 12. h4 Bd7 13. g4 b5 14. O-O-O g5 15.
hxg5 Bxg5+ 16. Kb1 Rf8 17. Rh5 O-O-O 18. Rdh1 Be8 19. Nf4 f5 20. Rxh6 Bxh6 21.
Rxh6 Bf7 22. g5 Rh8 23. Rh3 Rdg8 24. Qg3 Rxh3 25. Qxh3 Kb8 26. g6 Bxg6 27. Qh6
Qe8 28. a3 Qf7 29. Na2 a5 30. b4 a4 31. Nc3 c6 32. Nd3 Kc7 33. Nc5 Qh7 34. Qg5
Qf7 35. Kc1 f4 36. Qf6 Qxf6 37. exf6 Bf7 38. Ne2 f3 39. Nf4 Re8 40. Nh3 Rh8 41.
Ng5 Rf8 42. Ngxe6+ Bxe6 43. Nxe6+ Kd6 44. Nxf8 Kc7 45. f7 Kd8 46. Ng6 Kd7 47.
f8=Q Ke6 48. Nf4+ Kd7 49. Qf7+ Kd6 50. Qe6+ Kc7 51. Qe7+ Kb6 52. Ne6 Ka6 53.
Nc5+ Kb6 54. Qb7# 1-0

[Event "Osso duro de roer"]
[Site "http://www.queenalice.com/game.php?id=1119734"]
[Date "2012.11.6"]
[Round "-"]
[White "Dancarvalho"]
[Black "Scaracioli"]
[Result "1-0"]
[WhiteElo "1430"]
[BlackElo "1755"]

1. e4 e5 2. Nf3 d6 3. d4 Bg4 4. h3 Bxf3 5. gxf3 g5 6. Bc4 c6 7. Rg1 f6 8. Be3 a5
9. c3 b5 10. Be6 Nh6 11. Qb3 a4 12. Qc2 Qe7 13. d5 c5 14. c4 b4 15. a3 b3 16.
Qe2 Na6 17. Nc3 Nc7 18. f4 Nxe6 19. dxe6 Rg8 20. Nd5 Qd8 21. Qh5+ Rg6 22. f5 Bg7
23. fxg6 Qa5+ 24. Bd2 Qa7 25. gxh7+ Nf7 26. exf7+ Qxf7 27. h8=R+ Bxh8 28. Qxh8+
Qf8 29. Nxf6+ Kf7 30. Qh7+ Kxf6 31. Qf5+ Ke7 32. Bxg5+ Ke8 33. Qe6+ 1-0

[Event "Vingança"]
[Site "http://www.queenalice.com/game.php?id=1121785"]
[Date "2012.11.13"]
[Round "-"]
[White "Scaracioli"]
[Black "Dancarvalho"]
[Result "1-0"]
[WhiteElo "1559"]
[BlackElo "1459"]

1. e4 e5 2. Nf3 Nc6 3. d4 Qf6 4. d5 Nd4 5. Nxd4 exd4 6. a3 c6 7. dxc6 dxc6 8.
Bd3 Be6 9. h3 b5 10. Bd2 Qe5 11. f4 Qf6 12. Qf3 Bc4 13. e5 Qe6 14. Bf5 Qd5 15.
Be4 Be2 16. Kxe2 Qc4+ 17. Bd3 Qc5 18. b4 Qb6 19. c3 Rc8 20. Ra2 Ne7 21. Rc2 c5
22. cxd4 c4 23. Be4 Qxd4 24. Rd1 f5 25. exf6 gxf6 26. Be3 Qa1 27. Bd4 c3 28.
Bxc3 Rxc3 29. Qxc3 Qxc3 30. Rxc3 f5 31. Bc6+ Nxc6 32. Rxc6 Be7 33. Rc8+ Kf7 34.
Rxh8 a5 35. Rxh7+ Ke6 36. bxa5 Bc5 37. Rh6+ Ke7 38. a6 b4 39. axb4 Bxb4 40. a7
Bd2 41. Rxd2 Ke8 42. a8=Q+ Ke7 43. Qb7+ Ke8 44. Rh8# 1-0

[Event "Sai da pressão, mas o preço..."]
[Site "http://www.queenalice.com/game.php?id=1122282"]
[Date "2012.11.14"]
[Round "-"]
[White "Scaracioli"]
[Black "Dancarvalho"]
[Result "1-0"]
[WhiteElo "1694"]
[BlackElo "1434"]

1. e4 e5 2. Nf3 d5 3. exd5 Qxd5 4. Nc3 Qc6 5. Bb5 e4 6. Bxc6+ bxc6 7. Nxe4 Nf6
8. Nxf6+ gxf6 9. O-O Bg4 10. h3 Be6 11. Qe2 Nd7 12. b3 Rg8 13. g4 h5 14. Nh2
hxg4 15. hxg4 Bd6 16. f3 Rh8 17. d4 O-O-O 18. Rf2 c5 19. Be3 cxd4 20. Bxd4 Rh3
21. c4 c5 22. Bc3 Bg3 23. Rg2 Re8 24. Rd1 Ne5 25. Bxe5 Bxe5 26. a4 Bd7 27. Rd2
Bc6 28. Rd3 Bd4+ 29. Kf1 Rxe2 30. Rxe2 Rg3 31. Ke1 Rg1+ 32. Kd2 Rg3 33. Ke1 Rh3
34. Kd2 Rh8 35. Nf1 Rd8 36. Nh2 f5 37. gxf5 Bf6 38. Rxd8+ Kxd8 39. Ke3 Bg5+ 40.
f4 Bh4 41. Rd2+ Ke7 42. Ng4 Bd7 43. f6+ Bxf6 44. Nxf6 Kxf6 45. Rxd7 Ke6 46. Rxa7
Kf6 47. Ke4 Ke6 48. f5+ Kd6 49. Rxf7 Kc6 50. f6 Kd6 51. Rh7 Kc6 52. f7 Kd6 53.
f8=Q+ Kc6 54. Rh6+ Kd7 55. Qg7+ Ke8 56. Rh8# 1-0

[Event "Let's Play Chess"]
[Site "http://www.queenalice.com/game.php?id=1122449"]
[Date "2012.11.15"]
[Round "-"]
[White "Dancarvalho"]
[Black "askasl159"]
[Result "0-1"]
[WhiteElo "1447"]
[BlackElo "1530"]

1. e4 e5 2. Nf3 f5 3. Nc3 fxe4 4. Nxe4 d5 5. Nc3 Nc6 6. Qe2 Bb4 7. a3 Bxc3 8.
bxc3 Bg4 9. Rb1 e4 10. Rxb7 Nf6 11. Qb5 Qd7 12. h3 a6 13. Qc5 Bxf3 14. gxf3 Rb8
15. Bxa6 Rxb7 16. Bxb7 Nb8 17. fxe4 dxe4 18. a4 Qd6 19. Ba3 Qxc5 20. Bxc5 Nfd7
21. Bb4 c5 22. Ba5 O-O 23. c4 Rf6 24. Bc3 Rb6 25. Bxe4 Nf6 26. Rg1 Rb1+ 27. Ke2
Rxg1 28. Be5 Nxe4 0-1

[Event "Volta meus pontinhos..."]
[Site "http://www.queenalice.com/game.php?id=1124880"]
[Date "2012.11.22"]
[Round "-"]
[White "Dancarvalho"]
[Black "Scaracioli"]
[Result "0-1"]
[WhiteElo "1428"]
[BlackElo "1700"]

1. d4 d5 2. Nc3 e6 3. e4 Bb4 4. exd5 exd5 5. Nf3 Bg4 6. Bg5 f6 7. Qe2+ Ne7 8.
Qb5+ Nec6 9. O-O-O O-O 10. Qxb7 Bxf3 11. gxf3 fxg5 12. Qxa8 Bxc3 13. bxc3 Qd6
14. Bb5 Rxf3 15. Rd3 Rxf2 16. Re1 Rf8 17. Rde3 a6 18. Bxa6 Nxa6 19. Re8 Nab8 20.
R1e6 Qd7 21. Qa3 Rxe8 22. Rxe8+ Qxe8 23. Qc5 Qd7 24. a4 Na6 25. Qb5 Ncb8 26.
Qxd7 Nxd7 27. a5 c6 28. c4 dxc4 0-1

[Event "Challenge"]
[Site "http://www.queenalice.com/game.php?id=1124914"]
[Date "2012.11.22"]
[Round "-"]
[White "Dancarvalho"]
[Black "BigWally"]
[Result "0-1"]
[WhiteElo "1410"]
[BlackElo "1324"]

1. e4 e5 2. d4 exd4 3. Qxd4 Nc6 4. Qd5 Nf6 5. Qf5 Bb4+ 6. c3 Ba5 7. Bg5 a6 8.
Nf3 O-O 9. b4 Bb6 10. Bc4 d5 11. Qf4 dxc4 12. Na3 Qd6 13. Qxd6 cxd6 14. Bxf6
gxf6 15. Rd1 Bg4 16. Rxd6 f5 17. e5 f4 18. h3 Bh5 19. O-O Bxf3 20. gxf3 Rae8 21.
Nxc4 Bc7 22. Rd7 Re7 23. Rfd1 Rd8 24. Rxd8+ Bxd8 25. Nd6 Nxe5 26. Kg2 Rd7 27.
Rd5 Nc6 28. a3 b5 29. h4 Bxh4 30. Kh3 Bxf2 31. Rg5+ Kf8 32. Nf5 Rd3 33. Kg4 Rxc3
34. Rg7 Ne7 35. Rxh7 Nxf5 36. Kxf5 Bd4 37. Kxf4 Rxa3 38. Ke4 Bc3 39. Kd5 Bxb4
40. f4 Rf3 41. Ke4 Rc3 42. Ke5 Be7 43. f5 Rc5+ 44. Kf4 b4 45. Rh3 a5 46. Kg4 a4
47. Re3 b3 48. Kf4 b2 49. Rxe7 Kxe7 50. f6+ Kxf6 51. Ke4 b1=Q+ 52. Kf3 Rf5+ 53.
Kg2 Qf1+ 54. Kh2 Rf2+ 55. Kg3 Kf5 56. Kh4 Rh2+ 57. Kg3 Qg2# 0-1

[Event "Hey, you! Accepts another game?"]
[Site "http://www.queenalice.com/game.php?id=1127396"]
[Date "2012.12.1"]
[Round "-"]
[White "askasl159"]
[Black "Dancarvalho"]
[Result "1-0"]
[WhiteElo "1541"]
[BlackElo "1423"]

1. e4 e5 2. f4 Nc6 3. Bc4 Nh6 4. Nf3 exf4 5. O-O Bc5+ 6. Kh1 O-O 7. a3 Re8 8. b4
Rxe4 9. d3 Rxc4 10. dxc4 Be7 11. Bxf4 d6 12. Bxh6 Bg4 13. Bxg7 Kxg7 14. b5 Na5
15. Qd4+ Kf8 16. Qxg4 Bf6 17. Ra2 c6 18. Qh5 Nxc4 19. Nd4 Qe8 20. c3 Qe4 21. Re2
Ne3 22. Nd2 Qe5 23. Qh6+ Ke7 24. Rxe3 Bg5 25. Rxe5+ Kd7 26. Qxg5 Re8 27. Rxf7+
Kc8 28. Rxe8# 1-0

[Event "Caracioli x Carvalho"]
[Site "http://www.queenalice.com/game.php?id=1128282"]
[Date "2012.12.4"]
[Round "-"]
[White "Dancarvalho"]
[Black "Scaracioli"]
[Result "0-1"]
[WhiteElo "1416"]
[BlackElo "1672"]

1. e4 e5 2. Nf3 d6 3. d4 Nf6 4. dxe5 Nxe4 5. Qd5 Ng5 6. exd6 Nxf3+ 7. gxf3 Bxd6
8. Rg1 g6 9. Nd2 c6 10. Qe4+ Be6 11. Nc4 Qd7 12. Ne5 Bxe5 13. Qxe5 Rg8 14. Bc4
Qe7 15. Bxe6 Qxe6 16. Bf4 Nd7 17. Qe3 Rd8 18. Bg5 Rc8 19. O-O-O Qxe3+ 20. Bxe3
f5 21. Rge1 Rg7 22. Bh6+ Re7 23. Bg5 Rxe1 24. Rxe1+ Kf8 25. Be7+ Kf7 26. Bd6 Re8
27. Rxe8 Kxe8 28. h4 Kf7 29. b4 Ke6 30. Bf4 Ne5 31. a4 Nxf3 32. Bg5 Nxg5 33.
hxg5 f4 34. c4 Kf5 35. b5 cxb5 36. axb5 b6 37. Kd2 Kxg5 38. Kd3 Kf6 39. Kd4 Ke6
40. Ke4 g5 41. f3 h5 42. Kd4 h4 43. Ke4 h3 44. Kd3 h2 45. c5 bxc5 46. b6 axb6
47. Kc4 h1=Q 48. Kd3 Qxf3+ 49. Kc4 Qe2+ 50. Kb3 c4+ 51. Kb4 Kd5 52. Kb5 Qb2+ 53.
Ka6 Kd6 54. Kb7 Kc5 55. Ka7 Qg7+ 56. Ka6 b5 57. Ka5 Qa7# 0-1

[Event "Desafio"]
[Site "http://www.queenalice.com/game.php?id=1128621"]
[Date "2012.12.5"]
[Round "-"]
[White "Dancarvalho"]
[Black "askasl159"]
[Result "1/2-1/2"]
[WhiteElo "1412"]
[BlackElo "1577"]

1. e4 c5 2. e5 Nc6 3. Nf3 e6 4. d3 g6 5. Bg5 Nge7 6. a4 Bg7 7. Bf6 O-O 8. Nc3 d5
9. Nb5 Bxf6 10. exf6 Nf5 11. Qd2 a6 12. Nc3 Qxf6 13. Qf4 Nb4 14. Qc7 Nxc2+ 15.
Kd2 Nb4 16. Qxc5 Nc6 17. g3 Bd7 18. Bh3 Rfc8 19. Bxf5 Ne5 20. Qd4 Nxf3+ 21. Ke3
Nxd4 22. Bh3 Nc2+ 23. Ke2 Nxa1 24. Rxa1 d4 25. Ne4 Qe5 26. a5 Qb5 27. Nd6 Qxb2+
28. Kf3 Qxa1 29. Nxb7 Bc6+ 30. Kf4 Qc1+ 31. Ke5 Rd8 1/2-1/2

[Event "Cliquei no botão errado ;)"]
[Site "http://www.queenalice.com/game.php?id=1131091"]
[Date "2012.12.14"]
[Round "-"]
[White "askasl159"]
[Black "Dancarvalho"]
[Result "1-0"]
[WhiteElo "1749"]
[BlackElo "1419"]

1. e4 e5 2. f4 d6 3. Nf3 Bg4 4. h3 Bh5 5. d4 Nd7 6. d5 Ngf6 7. Nc3 Qe7 8. Bb5
exf4 9. Qe2 a6 10. Bd3 Ne5 11. Bxf4 c5 12. O-O-O b5 13. g4 Bg6 14. Kb1 c4 15.
Nxe5 dxe5 16. Bg5 cxd3 17. Rxd3 b4 18. Bxf6 gxf6 19. Na4 Bh6 20. b3 O-O 21. h4
Qd7 22. h5 Rfc8 23. hxg6 fxg6 24. Rxh6 Qg7 25. Rh1 h5 26. Nb6 g5 27. Nxa8 Rxa8
28. Rxh5 Qa7 29. Qf3 Kf7 30. Rh7+ Kg6 31. Qf5# 1-0

[Event "Brasil x China"]
[Site "http://www.queenalice.com/game.php?id=1149140"]
[Date "2013.2.5"]
[Round "-"]
[White "Dancarvalho"]
[Black "Scaracioli"]
[Result "0-1"]
[WhiteElo "1373"]
[BlackElo "1585"]

1. e4 e5 2. d3 Nf6 3. Nf3 Nc6 4. Bg5 Be7 5. Nbd2 h6 6. Bxf6 Bxf6 7. c4 d6 8. Qb3
a6 9. Be2 Be6 10. Qxb7 Na5 11. Qb4 c5 12. Qa4+ Bd7 13. Qa3 Nc6 14. Qc3 g5 15. a3
Be6 16. b4 a5 17. b5 Nd4 18. Nb3 Nxe2 19. Kxe2 h5 20. a4 h4 21. h3 Qc7 22. g4
hxg3 23. fxg3 g4 24. Nh4 gxh3 25. Rag1 O-O-O 26. Rf1 Bg4+ 27. Ke1 Bxh4 28. gxh4
Rxh4 29. Qd2 Rd7 30. Qg5 Qd8 31. Rf6 Qh8 32. Nxa5 Be6 33. Nc6 Kc7 34. a5 h2 35.
a6 Rg4 36. Rh6 Rxg5 37. Rxh8 Rg1+ 38. Rxg1 hxg1=Q+ 39. Ke2 Bg4+ 40. Kd2 Qf2+ 41.
Kc3 Qe1+ 42. Kb3 Bd1+ 43. Ka3 Qc3+ 44. Ka2 Bb3+ 45. Ka3 Bc2+ 46. Ka2 Qb3+ 47.
Ka1 Qb1# 0-1

[Event "Challenge"]
[Site "http://www.queenalice.com/game.php?id=1149219"]
[Date "2013.2.6"]
[Round "-"]
[White "Rogerio11"]
[Black "Dancarvalho"]
[Result "1-0"]
[WhiteElo "1342"]
[BlackElo "1391"]

1. e4 e5 2. Bc4 Nf6 3. d3 Bc5 4. g4 g5 5. Nf3 Nxg4 6. O-O Qf6 7. Nxg5 Bxf2+ 8.
Kh1 d5 9. Bxd5 h5 10. Bxf7+ Kf8 11. Nc3 Ne3 12. Bxe3 Bg4 13. Bc5+ Kg7 14. Qd2
Be3 15. Bxe3 Qe7 16. Ne6+ Kh7 17. Bh6 Rf8 18. Nxf8+ Kh8 19. h3 Bxh3 20. Ng6+ Kh7
21. Qh2 Kxh6 22. Qxh3 Nc6 23. Nxe7 Nxe7 24. Rg1 Rf8 25. Qxh5# 1-0

[Event "Challenge"]
[Site "http://www.queenalice.com/game.php?id=1175503"]
[Date "2013.4.26"]
[Round "-"]
[White "Orly"]
[Black "Dancarvalho"]
[Result "1-0"]
[WhiteElo "1655"]
[BlackElo "1365"]

1. d4 d5 2. c4 Nf6 3. cxd5 Qxd5 4. Nc3 Qc4 5. e4 Qb4 6. a3 Qb6 7. e5 Nfd7 8. b4
g6 9. Nf3 Bg7 10. Be3 Qc6 11. Rc1 Nf8 12. Bb5 Bd7 13. Bxc6 Bxc6 14. d5 Bd7 15.
O-O Bg4 16. Bf4 Nfd7 17. e6 fxe6 18. dxe6 Nf6 19. Nb5 O-O 20. Nxc7 Nc6 21. Nxa8
Rxa8 22. b5 Rd8 23. Qb3 Nd4 24. Nxd4 Rxd4 25. Be5 Rd2 26. Rc8+ Bf8 27. Bxf6 Be2
28. Bxe7 Bxf1 29. Rxf8+ Kg7 30. Qc3+ Kh6 31. Qxd2+ g5 32. Qxg5# 1-0

[Event "Challenge"]
[Site "http://www.queenalice.com/game.php?id=1184064"]
[Date "2013.5.24"]
[Round "-"]
[White "Dancarvalho"]
[Black "Scaracioli"]
[Result "1-0"]
[WhiteElo "1361"]
[BlackElo "1634"]

1. e4 e5 2. Nf3 Nc6 3. a3 a6 4. Nc3 Nf6 5. Be2 d6 6. Nh4 g5 7. Nf5 Bxf5 8. exf5
Ne7 9. g4 Bg7 10. d3 c6 11. b4 b5 12. Bxg5 h6 13. Bxf6 Bxf6 14. Bf3 d5 15. a4 d4
16. Ne4 Bg7 17. f6 Bf8 18. fxe7 Bxe7 19. axb5 Bxb4+ 20. Kf1 cxb5 21. Rg1 a5 22.
g5 hxg5 23. Nxg5 Qe7 24. Bxa8 a4 25. Bc6+ Kd8 26. Bxb5 a3 27. Qf3 f6 28. Qa8+
Kc7 29. Qxh8 fxg5 30. Rxg5 Qxg5 31. Qe8 Qg7 32. Rb1 Bc5 33. Qc6+ Kb8 34. Ba6+
Ka7 35. Rb7+ Qxb7 36. Qxb7# 1-0

[Event "Challenge"]
[Site "http://www.queenalice.com/game.php?id=1206255"]
[Date "2013.8.8"]
[Round "-"]
[White "Dancarvalho"]
[Black "Scaracioli"]
[Result "0-1"]
[WhiteElo "1388"]
[BlackElo "1809"]

1. d4 d5 2. c3 Nf6 3. Nf3 Bg4 4. Ne5 Be6 5. e3 Nc6 6. Bb5 Qd6 7. Bxc6+ bxc6 8.
b4 Nd7 9. Qa4 Nb8 10. Ba3 f6 11. b5 Qd8 12. Nxc6 Nxc6 13. bxc6 g5 14. h4 Bg7 15.
h5 h6 16. Qc2 O-O 17. Qg6 Qc8 18. Bxe7 Rf7 19. Bc5 Bf5 20. Nd2 Bxg6 21. hxg6 Rf8
22. Bxf8 Bxf8 23. e4 Qe6 24. g3 Qxc6 25. Nb1 dxe4 26. O-O f5 27. Nd2 Qxc3 28.
Nb3 Kg7 29. Rac1 Qb2 30. Na5 Qxa2 31. Nc4 Kxg6 32. Ne5+ Kh7 33. Rxc7+ Bg7 34.
Rfc1 a5 35. Nc6 a4 36. Ne5 a3 37. R1c2 Qb3 38. Nf7 a2 39. R2c6 a1=Q+ 40. Kg2
Qf3+ 41. Kh2 Qah1# 0-1

[Event "Challenge"]
[Site "http://www.queenalice.com/game.php?id=1219579"]
[Date "2013.9.24"]
[Round "-"]
[White "Dancarvalho"]
[Black "Orly"]
[Result "0-1"]
[WhiteElo "1395"]
[BlackElo "1714"]

1. e4 e5 2. Nf3 Nc6 3. a3 Nf6 4. Nc3 d6 5. b4 a6 6. Be2 b5 7. h3 Be7 8. d3 Be6
9. Qd2 Nd4 10. g4 h6 11. Rg1 Nxf3+ 12. Bxf3 O-O 13. a4 c5 14. g5 cxb4 15. Nd5
Nxd5 16. exd5 Bxg5 17. Rxg5 hxg5 18. Qxb4 Bxh3 19. Ra3 f5 20. axb5 g4 21. Be2 a5
22. Qd2 f4 23. d4 e4 24. Rxa5 Rxa5 25. Qc3 Qb6 26. Ba3 Rf6 27. Bf1 Bxf1 28. Kxf1
Qxb5+ 29. Ke1 Qa6 30. Bb2 Rh6 31. Qc7 Rh1+ 32. Kd2 Rxd5 33. Qc4 Qxc4 0-1

[Event "Challenge"]
[Site "http://www.queenalice.com/game.php?id=1219580"]
[Date "2013.9.24"]
[Round "-"]
[White "Dancarvalho"]
[Black "Orly"]
[Result "0-1"]
[WhiteElo "1386"]
[BlackElo "1722"]

1. e4 c5 2. c4 Nc6 3. d3 e5 4. Nc3 Nf6 5. b3 Be7 6. Nf3 d6 7. a4 Bg4 8. h3 Bh5
9. g4 Bg6 10. Rg1 Nd4 11. Bg5 h6 12. Bh4 Nh7 13. Rb1 Bxh4 14. Nd5 O-O 15. Nxh4
Qxh4 16. Qd2 Nf3+ 17. Kd1 Nxd2 18. Kxd2 Qxf2+ 19. Be2 Rae8 20. Rbf1 Qh2 21. Ne3
Qxh3 22. g5 hxg5 23. Bg4 Qh2+ 24. Rg2 Qh6 25. Rh2 Qxh2+ 26. Ke1 Nf6 27. Rf3 Nxg4
28. Nxg4 Qg1+ 29. Rf1 Qxg4 0-1

[Event "Há quanto tempo? "]
[Site "http://www.queenalice.com/game.php?id=1219581"]
[Date "2013.9.24"]
[Round "-"]
[White "Dancarvalho"]
[Black "charlescesarcouto"]
[Result "1-0"]
[WhiteElo "1383"]
[BlackElo "1290"]

1. e4 e5 2. Nf3 Nc6 3. a3 Nf6 4. d3 d6 5. Nc3 h6 6. b4 a6 7. Nd5 Nxd5 8. exd5
Nd4 9. a4 c6 10. Be3 Bg4 11. Bxd4 exd4 12. Be2 c5 13. Rb1 b5 14. bxc5 bxa4 15.
Nxd4 dxc5 16. Nc6 Qxd5 17. Rb8+ Bc8 18. Bf3 Qe6+ 19. Qe2 Bd6 20. Rxa8 Kd7 21.
Ra7+ Bc7 22. Bg4 f5 23. Bf3 a3 24. Bd5 Qxe2+ 25. Kxe2 Kd6 26. c4 a2 27. Kd2 Ba5+
28. Nxa5 a1=Q 29. Rxa1 Be6 30. Rxa6+ 1-0

[Event "Challenge"]
[Site "http://www.queenalice.com/game.php?id=1244891"]
[Date "2014.1.3"]
[Round "-"]
[White "Dancarvalho"]
[Black "Scaracioli"]
[Result "0-1"]
[WhiteElo "1392"]
[BlackElo "1662"]

1. e4 e5 2. Nf3 Nc6 3. c3 a6 4. d4 exd4 5. cxd4 d6 6. Bc4 Nce7 7. d5 b5 8. Bb3
a5 9. a4 b4 10. Nbd2 Bg4 11. Bc4 Ng6 12. h3 Bd7 13. e5 Nxe5 14. Qe2 f6 15. b3
Ne7 16. Nd4 Qc8 17. Bb5 c6 18. Ne4 Qc7 19. f4 cxd5 20. fxe5 dxe4 21. e6 Bxb5 22.
Qxb5+ Kd8 23. Bf4 Rb8 24. Qa6 Qc3+ 25. Ke2 Qxd4 26. Bxd6 Rb6 27. Qa8+ Nc8 28.
Rhd1 Qb2+ 29. Ke3 Qxb3+ 30. Kxe4 Qxe6+ 31. Be5+ Bd6 32. Rac1 Qxe5+ 33. Kf3 Qg3+
34. Ke2 Re8+ 35. Kf1 Ke7 36. Qe4+ Kf7 37. Qc4+ Kg6 38. Rd4 f5 39. h4 Ne7 40.
Rcd1 Nc8 41. R4d3 Qg4 42. Rg3 Bxg3 43. Rc1 Qxc4+ 44. Rxc4 Kh5 45. Rc1 Kxh4 46.
Re1 Rxe1# 0-1

[Event "Challenge"]
[Site "http://www.queenalice.com/game.php?id=1273236"]
[Date "2014.4.14"]
[Round "-"]
[White "Dancarvalho"]
[Black "Scaracioli"]
[Result "1-0"]
[WhiteElo "1387"]
[BlackElo "1675"]

1. e4 e5 2. Nc3 Nf6 3. d3 Bb4 4. Bd2 c6 5. a3 Bxc3 6. bxc3 d6 7. c4 d5 8. cxd5
cxd5 9. exd5 Nxd5 10. c4 Nf4 11. Bxf4 exf4 12. Qf3 Qe7+ 13. Be2 g5 14. Nh3 h6
15. O-O O-O 16. Rab1 Nc6 17. Bd1 Ne5 18. Qe4 f6 19. Re1 Qxa3 20. Bb3 Bd7 21. f3
b6 22. Nf2 Rfe8 23. c5+ Kg7 24. d4 Nc6 25. Qd5 Rxe1+ 26. Rxe1 Rd8 27. Ne4 Be8
28. Qg8# 1-0

[Event "Challenge"]
[Site "http://www.queenalice.com/game.php?id=1273355"]
[Date "2014.4.15"]
[Round "-"]
[White "Dancarvalho"]
[Black "Scaracioli"]
[Result "0-1"]
[WhiteElo "1415"]
[BlackElo "1668"]

1. e4 e5 2. Nf3 d6 3. Bb5+ Bd7 4. Nc3 c6 5. Bc4 h6 6. d4 b5 7. Bb3 Bg4 8. d5
cxd5 9. Nxd5 Nc6 10. Qd3 a6 11. g3 Bxf3 12. Rf1 Nf6 13. Qxf3 Nd4 14. Qe3 Nxd5
15. exd5 a5 16. c3 Nxb3 17. Rb1 Qc7 18. axb3 Be7 19. Qe2 O-O 20. f4 Bf6 21. Qxb5
Rfb8 22. Qd3 Rxb3 23. fxe5 dxe5 24. Qe4 Rab8 25. Qg4 Qd6 26. Bxh6 Rd8 27. c4 Rb6
28. Bd2 Qc5 29. Bg5 Bxg5 30. Qxg5 Rf8 31. b3 Qb4+ 32. Ke2 Qc3 33. h4 e4 34. h5
Qd3+ 35. Kf2 Rf6+ 36. Kg2 Qe2+ 37. Kg1 Rxf1+ 38. Rxf1 e3 39. h6 Qb2 40. Qxe3 g6
41. Rf2 Qa1+ 42. Kg2 Qh8 43. d6 Kh7 44. d7 Qg8 45. c5 f5 46. Qg5 Qd5+ 47. Kf1
Qxd7 48. Rh2 Qb5+ 49. Ke1 Re8+ 50. Kd1 Qxb3+ 51. Rc2 Qf3+ 52. Kc1 Re1+ 53. Kb2
a4 54. c6 Qb3# 0-1

[Event "Challenge"]
[Site "http://www.queenalice.com/game.php?id=1292114"]
[Date "2014.7.2"]
[Round "-"]
[White "Dancarvalho"]
[Black "charlescesarcouto"]
[Result "1-0"]
[WhiteElo "1403"]
[BlackElo "1276"]

1. d4 d5 2. e3 Bd7 3. Nc3 c6 4. b4 a6 5. Na4 e6 6. Bd3 b5 7. Nc5 Bxc5 8. dxc5 e5
9. Bb2 Qc7 10. a4 Ne7 11. axb5 cxb5 12. e4 d4 13. Nf3 f6 14. c4 bxc4 15. Bxc4
Ra7 16. O-O Bb5 17. Rc1 Bxc4 18. Rxc4 1-0

[Event "Tira teima"]
[Site "http://www.queenalice.com/game.php?id=1292115"]
[Date "2014.7.2"]
[Round "-"]
[White "Scaracioli"]
[Black "Dancarvalho"]
[Result "1-0"]
[WhiteElo "1660"]
[BlackElo "1409"]

1. e4 e5 2. Nf3 f6 3. d4 d5 4. dxe5 dxe4 5. Nfd2 f5 6. h4 Bc5 7. c3 Qd5 8. Bc4
Qxe5 9. Nf1 Ne7 10. Ng3 Bxf2+ 11. Kxf2 f4 12. Nf1 Qc5+ 13. Qd4 Qc6 14. Qxg7 Rg8
15. Bxg8 Be6 16. Bxe6 Qxe6 17. Bxf4 Qb6+ 18. Be3 Qxb2+ 19. Nfd2 Nbc6 20. Qh8+
Kd7 21. Qxa8 Nf5 22. g4 Nxe3 23. Kxe3 Qxc3+ 24. Nxc3 Nb4 25. Kxe4 1-0